Darwinismo : el fin de un mito /

En esta obra se revisan los límites de la teoría darwinista de la evolución de las especies de cara a los más recientes descubrimientos científicos. Sin menospreciar la importancia de las aportaciones de Charles Darwin a la biología moderna, cuestiona su lugar en el progreso de la ciencia actual, as...

ver descrição completa

Na minha lista:
Detalhes bibliográficos
Autor principal: Chauvin, Rémy (autor)
Formato: Livro
Idioma:espanhol
Publicado em: Madrid, España : Espasa-Calpe, 2000, c2000
Colecção:(Espasa Fórum)
Assuntos:
Tags: Adicionar Tag
Sem tags, seja o primeiro a adicionar uma tag!

MARC

LEADER 00000nam^a2200000^a^4500
001 000183629
005 20250521000000.0
009 20260310102048.04
020 |a 84-239-9753-7 
037 |a Acervo ITESO - Biblioteca 
041 |a ESP 
082 |a 575. 0162  |b CHA 
100 |a Chauvin, Rémy  |e (autor) 
245 1 0 |a Darwinismo :  |b el fin de un mito /  |c R. Chauvin ; tr. por Elena Cisneros. 
264 4 |a Madrid, España :  |b Espasa-Calpe,  |c 2000, c2000 
300 |a 330 p. 
336 |a texto  |b txt  |2 rdacontenido 
337 |a sin mediación  |b n  |2 rdamedio 
338 |a volumen  |b nc  |2 rdasoporte 
440 1 |a (Espasa Fórum) 
500 |a Traducción de: Le darwinisme ou la fin d'un mythe 
520 |a En esta obra se revisan los límites de la teoría darwinista de la evolución de las especies de cara a los más recientes descubrimientos científicos. Sin menospreciar la importancia de las aportaciones de Charles Darwin a la biología moderna, cuestiona su lugar en el progreso de la ciencia actual, así como a quienes sostienen que todo se puede explicar a través de ellas. 
649 |a XX 
650 |a Biólogos Ingleses 
650 |a Científicos Ingleses 
650 |a Hombre -  |x Origen 
650 |a Origen de las Especies 
650 |a Selección Natural 
650 |a Evolución -  |x Teoría -  |x Tema Principal 
650 |a Biología -  |x Teoría 
650 |a Biología -  |x Historia 
650 |a Ciencia -  |x Historia 
650 |a Darwin, Charles -  |x Tema Principal 
910 |a Fondo General 
920 |a Impresos - Libros 
930 |a Colección General 
905 |a 101 
901 |a 0500123977  |b IT1  |c ACC  |u 20250521 
902 |a https://opac.biblio.iteso.mx/vufind/Record/000183629